Modern Technologies for Creating the Thin-film Systems and Coatings

Dades bibliogràfiques
Altres autors: Nikitenkov N. N. Nikolay (редактор)
Sumari:Nikolay N. Nlkitenkov finished his studies at the Moscow State University and there defended his candidate and doctoral dissertations in Physics. Currently, he is a professor at Tomsk Polytechnic University. He lectures in the direction of "Modern Methods of Studying Solid Surfaces and Thin Films." He is the researcher and expert in the following directions: modern technologies for creating thin-film systems and coatings; physics of metal-hydrogen systems; and modern research methods of the surfaces and thin films. He has published over 150 articles in these areas, including more than 50 in international journals, with high rating. Development of the thin film and coating technologies (TFCT) made possible the technological revolution in electronics and through it the revolution in IT and communications in the end of the twentieth century. Now, TFCT penetrated in many sectors of human life and industry: biology and medicine; nuclear, fusion, and hydrogen energy; protection against corrosion and hydrogen embrittlement; jet engine; space materials science; and many others. Currently, TFCT along with nanotechnologies is the most promising for the development of almost all indus­tries. The 20 chapters of this book present the achievements of thin-film tech­nology in many areas mentioned above but more than any other in medicine and biology and energy saving and energy efficiency.
Idioma:anglès
Publicat: Rijeka, InTech, 2017
Matèries:
Format: MixedMaterials Llibre
KOHA link:https://koha.lib.tpu.ru/cgi-bin/koha/opac-detail.pl?biblionumber=332260

MARC

LEADER 00000nam0a2200000 4500
001 332260
005 20231102004434.0
010 |a 9789535130031 
035 |a (RuTPU)RU\TPU\book\358167 
090 |a 332260 
100 |a 20170518d2017 k y0engy50 ba 
101 0 |a eng 
102 |a HR 
105 |a a z 001zy 
200 1 |a Modern Technologies for Creating the Thin-film Systems and Coatings  |f edited by N. N. Nikitenkov 
210 |a Rijeka  |c InTech  |d 2017 
215 |a 431 p.  |c il. 
320 |a Bibliography at the end of chapters 
330 |a Nikolay N. Nlkitenkov finished his studies at the Moscow State University and there defended his candidate and doctoral dissertations in Physics. Currently, he is a professor at Tomsk Polytechnic University. He lectures in the direction of "Modern Methods of Studying Solid Surfaces and Thin Films." He is the researcher and expert in the following directions: modern technologies for creating thin-film systems and coatings; physics of metal-hydrogen systems; and modern research methods of the surfaces and thin films. He has published over 150 articles in these areas, including more than 50 in international journals, with high rating. Development of the thin film and coating technologies (TFCT) made possible the technological revolution in electronics and through it the revolution in IT and communications in the end of the twentieth century. Now, TFCT penetrated in many sectors of human life and industry: biology and medicine; nuclear, fusion, and hydrogen energy; protection against corrosion and hydrogen embrittlement; jet engine; space materials science; and many others. Currently, TFCT along with nanotechnologies is the most promising for the development of almost all indus­tries. The 20 chapters of this book present the achievements of thin-film tech­nology in many areas mentioned above but more than any other in medicine and biology and energy saving and energy efficiency. 
606 1 |a Тонкопленочные покрытия  |2 stltpush  |3 (RuTPU)RU\TPU\subj\75631  |9 87320 
610 1 |a труды учёных ТПУ 
610 1 |a тонкие пленки 
610 1 |a технология 
610 1 |a молекулярные прекурсоры 
610 1 |a ионы 
610 1 |a литография 
610 1 |a устройства 
610 1 |a проектирование 
610 1 |a материалы 
610 1 |a эффект Рашбы 
610 1 |a спины 
610 1 |a электрохимическое осаждение 
610 1 |a полимерные системы 
610 1 |a магнитные свойства 
610 1 |a термический отжиг 
610 1 |a магнетронное распыление 
610 1 |a поверхности 
610 1 |a термический анализ 
610 1 |a медицинские имплантанты 
610 1 |a иммобилизация 
610 1 |a оптические свойства 
610 1 |a наноструктуры 
610 1 |a молекулярно-лучевая эпитаксия 
610 1 |a химические растворы 
610 1 |a сублимация 
610 1 |a солнечные элементы 
610 1 |a энергосберегающие окна 
610 1 |a медицина 
610 1 |a биология 
610 1 |a английский язык 
675 |a 621.793.1:539.216.2  |v 4 
702 1 |a Nikitenkov  |b N. N.  |g Nikolay  |4 340 
801 1 |a RU  |b 63413507  |c 20170518 
801 2 |a RU  |b 63413507  |c 20170606  |g RCR 
942 |c BK